Integrating word boundary disambiguation with sentence understanding /
محفوظ في:
| المؤلف الرئيسي: | |
|---|---|
| التنسيق: | أطروحة كتاب |
| اللغة: | English |
| منشور في: |
1994.
|
| الموضوعات: | |
| الوسوم: |
إضافة وسم
لا توجد وسوم, كن أول من يضع وسما على هذه التسجيلة!
|
| LEADER | 00822cam a2200241 a 4500 | ||
|---|---|---|---|
| 001 | u393152 | ||
| 003 | SIRSI | ||
| 008 | 951018s1994 si v 00 1 eng m | ||
| 035 | |a ABZ-4482 | ||
| 040 | |a UMM | ||
| 090 | |a QA76.9 |b N38Gan | ||
| 100 | 1 | 0 | |a Gan, Kok Wee. |
| 245 | 1 | 0 | |a Integrating word boundary disambiguation with sentence understanding / |c by Gan Kok Wee. |
| 260 | |c 1994. | ||
| 300 | |a xv, 238 leaves : |b ill. ; |c 30 cm. | ||
| 502 | |a Thesis (Ph.D.) -- National University of Singapore, 1994. | ||
| 504 | |a Bibliography: leaves 173-179. | ||
| 650 | 0 | |a Natural language processing (Computer science) | |
| 650 | 0 | |a Chinese language |x Data processing. | |
| 650 | 0 | |a Computational linguistics. | |
| 948 | |a 23/02/1996 |b 25/11/2000 | ||
| 596 | |a 1 | ||
| 999 | |a QA76.9 N38GAN |w LC |c 1 |i A505405485 |l STACKS |m P01UTAMA |r Y |s Y |t TESIS |u 6/4/1996 | ||
